"Por tus fotos te reconocerán". ¿Es válida la identificación del sospechado a partir de fotos de Facebook? / (Registro nro. 5562)
[ vista simple ]
| 000 -LEADER | |
|---|---|
| fixed length control field | 02132nab a22002897a 4500 |
| 003 - CONTROL NUMBER IDENTIFIER | |
| control field | OSt |
| 005 - DATE AND TIME OF LATEST TRANSACTION | |
| control field | 20251218091028.0 |
| 008 - FIXED-LENGTH DATA ELEMENTS--GENERAL INFORMATION | |
| fixed length control field | 190429b xxu||||| |||| 00| 0 spa d |
| 040 ## - CATALOGING SOURCE | |
| Transcribing agency | PJ |
| 100 ## - MAIN ENTRY--PERSONAL NAME | |
| 9 (RLIN) | 6540 |
| Personal name | Chaia, Rubén A. |
| 245 10 - TITLE STATEMENT | |
| Title | "Por tus fotos te reconocerán". ¿Es válida la identificación del sospechado a partir de fotos de Facebook? / |
| Statement of responsibility, etc | Rubén A. Chaia. |
| 260 ## - PUBLICATION, DISTRIBUTION, ETC. (IMPRINT) | |
| Date of publication, distribution, etc | Ciudad Autónoma de Buenos Aires : |
| Place of publication, distribution, etc | Thomson Reuters La Ley, |
| Name of publisher, distributor, etc | 2025. |
| 300 ## - PHYSICAL DESCRIPTION | |
| Extent | p. 157-170 |
| 500 ## - GENERAL NOTE | |
| General note | Cita: TR LALEY AR/DOC/397/2025.<br/> |
| 505 ## - FORMATTED CONTENTS NOTE | |
| Formatted contents note | Sumario: I. Las herramientas digitales como fuente de investigaciones privadas.— II. El sistema penal ante el reclamo de mayor protagonismo y mejores resultados.— III. Identificación a través de fotos publicadas en Redes Sociales.— IV. Redes sociales. Pesquisas en cuentas públicas.— V. Redes sociales. Pesquisas en cuentas privadas.— VI. Identificación en línea y rueda de personas.— VII. Identificación en línea y reconocimiento por imágenes.— VIII. Rastros digitales obtenidos de Facebook, Instagram y Twitter.— IX. ¿Utilizar fotos de la historia o muro puede afectar la privacidad?— X. ¿Utilizar fotos del muro puede violentar el principio de no autoincriminación?— XI. ¿Existen límites a la búsqueda en relación con la víctima?— XII. Identificación a partir de fotos y videos enviados por WhatsApp.— XIII. Reconocimiento de efectos mediante publicaciones en redes sociales.— XIV. Análisis de casos.— XV. Diez reflexiones finales. |
| 505 ## - FORMATTED CONTENTS NOTE | |
| Title | Si te interesa el texto completo, solicitalo a koha@justierradelfuego.gov.ar |
| 650 #0 - SUBJECT ADDED ENTRY--TOPICAL TERM | |
| 9 (RLIN) | 343 |
| Topical term or geographic name as entry element | DERECHO PENAL |
| 650 #0 - SUBJECT ADDED ENTRY--TOPICAL TERM | |
| 9 (RLIN) | 6081 |
| Topical term or geographic name as entry element | CIENCIA Y TECNOLOGÍA |
| 650 #0 - SUBJECT ADDED ENTRY--TOPICAL TERM | |
| 9 (RLIN) | 281 |
| Topical term or geographic name as entry element | INTERNET |
| 650 #0 - SUBJECT ADDED ENTRY--TOPICAL TERM | |
| 9 (RLIN) | 3404 |
| Topical term or geographic name as entry element | MEDIOS DE PRUEBA ELECTRÓNICOS |
| 650 #0 - SUBJECT ADDED ENTRY--TOPICAL TERM | |
| 9 (RLIN) | 3406 |
| Topical term or geographic name as entry element | EVIDENCIA DIGITAL |
| 650 #0 - SUBJECT ADDED ENTRY--TOPICAL TERM | |
| 9 (RLIN) | 2724 |
| Topical term or geographic name as entry element | DERECHO A LA INTIMIDAD |
| 650 #0 - SUBJECT ADDED ENTRY--TOPICAL TERM | |
| 9 (RLIN) | 4109 |
| Topical term or geographic name as entry element | REDES SOCIALES |
| 650 #0 - SUBJECT ADDED ENTRY--TOPICAL TERM | |
| 9 (RLIN) | 5558 |
| Topical term or geographic name as entry element | PUBLICACIÓN DE FOTOGRAFÍA |
| 773 0# - HOST ITEM ENTRY | |
| Host Biblionumber | 2658 |
| Host Itemnumber | 3164 |
| Title | Revista de derecho penal y criminología. Nº 3 - Abril 2025 |
| Place, publisher, and date of publication | Ciudad Autónoma de Buenos Aires : Thomson Reuters La Ley, 2017- |
| International Standard Serial Number | 00347914 |
| 942 ## - ADDED ENTRY ELEMENTS (KOHA) | |
| Source of classification or shelving scheme | |
| Koha item type | Analítica Artículo de Revista |
No hay ítems disponibles.
